| 000 | 00994nam a2200313 a 4500 | ||
|---|---|---|---|
| 003 | AR-BaBNM | ||
| 005 | 20251128210105.0 | ||
| 008 | 082120s2002 ||||||||||||||000 | spa|| | ||
| 020 | _a950-9839-81-7 | ||
| 040 | _cAR-BaBNM | ||
| 100 | 1 | _aEspinosa, Silvia Elena | |
| 245 | 0 | 0 |
_aContenidos básicos comunes _b1er ciclo tecnología |
| 250 | _a1ª ed. | ||
| 260 |
_aBuenos Aires _bVocación Docente _c1995 |
||
| 300 |
_a191 p. _bil. |
||
| 500 | _aContiene: blopues, contenidos procedimentales, conceptuales, actitudinales, transversales y proyectos | ||
| 650 | 4 | _aTECNOLOGIA | |
| 650 | 4 | _aPROYECTOS | |
| 653 | _aCONTENIDOS BASICOS COMUNES | ||
| 653 | _aEDUCACION GENERAL BASICA | ||
| 653 | _aCONTENIDOS ACTITUDINALES | ||
| 653 | _aCONTENIDOS PROCEDIMENTALES | ||
| 653 | _aCONTENIDOS CONCEPTUALES | ||
| 653 | _aCONTENIDOS TRANSVERSALES | ||
| 700 | 1 |
_aGarcía de Settembrino, Zulema _ecoordinador |
|
| 700 | 1 |
_aSánchez, Rosario _ecoordinador |
|
| 942 | _cBK | ||
| 998 | _cCarmen | ||
| 999 |
_c14001 _d14001 |
||